First Airlines in Service With Boeing 747's - Statistics

General Stats
  • This quiz has been taken 630 times
  • The average score is 8 of 16
Answer Stats
Hint Answer % Correct
747-200F Lufthansa
84%
747-8 Lufthansa
84%
747-100/SR/B Pan American World Airways
79%
747SP Pan American World Airways
79%
747-200 KLM Royal Dutch Airlines
68%
747-400M KLM Royal Dutch Airlines
68%
747-400ERF Air France
60%
747-400ER Qantas
60%
747-400D Japan Air Lines
49%
747-400 Northwest Airlines
35%
747-400F Cargolux
30%
747-8F Cargolux
30%
747-200M Air Canada
26%
747-300M Swissair
20%
747-300/SR Swissair
20%
747-200C World Airways
5%
No matching quizzes found
Score Distribution
Percent of People with Each Score
Percentile by Number Answered
Your Score History
You have not taken this quiz